000 006120000a22001810004500
999 _c54314
_d54314
001 768714001
003 CO-MdFUSB
005 20170823143403.0
008 170823s2002 xxu||||| |||| 00| 0 eng d
022 _a0120-3649
040 _aCO-MdFUSB
_bspa
_cCO-MdFUSB
_dCO-MdFUSB
041 _aeng
245 1 0 _aTemple mount wall in danger :
_bbulge appears near area of muslim construction
300 _aVolumen 28. Número 1 (2002), Páginas 6; 61
_c28 cm.
546 _aTexto en inglés
773 0 _tBiblical Archaeology Review
_049395
_959464
_gVolumen 28. Número 1 (2002), Páginas 6; 61
_qPágina 6
942 _cANA